Cuadro geológico, físico y meteorológico de la tierra y del reloj cosmográfico dedicado a la Excma. Junta Provincial de Instrucción Pública de Barcelona / (Record no. 98488)

MARC details
000 -LEADER
campo de control de longitud fija 00623nam a2200169 i 4500
001 - NÚMERO DE CONTROL
campo de control 98488
003 - IDENTIFICADOR DE NÚMERO DE CONTROL
campo de control ES-MaACL
005 - FECHA Y HORA DE LA ÚLTIMA TRANSACCIÓN
campo de control 20230906182309.0
007 - CAMPO FIJO DE DESCRIPCIÓN FÍSICA--INFORMACIÓN GENERAL
campo de control de longitud fija t|
008 - DATOS DE LONGITUD FIJA--INFORMACIÓN GENERAL
campo de control de longitud fija 050921s1879 sp ||||1| spa d
100 1# - ENTRADA PRINCIPAL--NOMBRE DE PERSONA
Nombre de persona Espinal y Fuster, José.
9 (RLIN) 47843
245 10 - MENCIÓN DEL TÍTULO
Título Cuadro geológico, físico y meteorológico de la tierra y del reloj cosmográfico dedicado a la Excma. Junta Provincial de Instrucción Pública de Barcelona /
Mención de responsabilidad, etc. por José Espinal y Fuster.
260 ## - PUBLICACIÓN, DISTRIBUCIÓN, ETC.
Lugar de publicación, distribución, etc. Barcelona :
Nombre del editor, distribuidor, etc. [s.n.],
Fecha de publicación, distribución, etc. 1879 (
Fabricante Tip. Celestino Verdaguer)
300 ## - DESCRIPCIÓN FÍSICA
Extensión 19 p. ;
Dimensiones 24 cm.
852 ## - LOCALIZACIÓN
Ubicación ES-MaACL
Número de control de estantería T-324-F-5
852 ## - LOCALIZACIÓN
Ubicación ES-MaACL
Número de control de estantería 1504-F-3
Holdings
Estatus retirado Estado de pérdida Estado de daño No para préstamo Colección Biblioteca de origen Biblioteca actual Ubicación en estantería Fecha de adquisición Fuente de adquisición Total de préstamos Signatura topográfica completa Código de barras Visto por última vez Precio de reemplazo Tipo de ítem Koha
        Colección de folletos Biblioteca del Ateneo de Madrid Biblioteca del Ateneo de Madrid Depósito folletos 08/02/2012     1504-F-3 1188947 23/02/2023 23/02/2023 Folleto
        Colección de folletos Biblioteca del Ateneo de Madrid Biblioteca del Ateneo de Madrid Depósito folletos 17/01/2008     T-324-F-5 1102819 23/02/2023 23/02/2023 Folleto